A társadalmi nemek egyenlősége és a feminizmus interdiszciplináris megközelítése a fiatal nők körében

Bibliographic Details
Main Author: Bácsi Blanka
Other Authors: Hübner Andrea Gabriella
Format: Thesis
Kulcsszavak:civil társadalom
emberi jogok
esélyegyenlőség
feminizmus
fogyasztói társadalom
gender
Online Access:http://dolgozattar.uni-bge.hu/60018

MARC

LEADER 00000nta a2200000 i 4500
001 dolg60018
005 20260409145859.0
008 260409suuuu hu om 000 hun d
040 |a BGE Dolgozattár Repozitórium  |b hun 
041 |a hu 
100 1 |a Bácsi Blanka 
245 1 2 |a A társadalmi nemek egyenlősége és a feminizmus interdiszciplináris megközelítése a fiatal nők körében  |c Bácsi Blanka  |h [elektronikus dokumentum] 
520 3 |a A társadalmi nemek és a feminizmus kérdései az utóbbi években egyre hangsúlyosabbá váltak a közbeszédben, hiszen a nők szerepeiben jelentős különbségek és változások figyelhetők meg, különösen az oktatás, a munkaerőpiac és a fogyasztás területén. Azért választottam ezt a témát, mert fiatalként és egyetemistaként a saját mindennapjaimban is gyakran szembesülök ezekkel a különbségekkel és változásokkal – akár az egyetemi életben, akár a munkahelyemen, vagy a médiában megjelenő társadalmi diskurzusokban. Foglalkoztat, hogy ezek a változások milyen társadalmi, kulturális vagy gazdasági folyamatokkal magyarázhatók, és hogyan kapcsolódnak össze a gender-elméletekkel és a feminizmus célkitűzéseivel. Nőként a saját magam érdekében is szerettem volna erről a témáról jobban tájékozódni, kutatni benne, illetve többet tudni arról, hogy mik történnek a mindennapokban, és mások milyen véleményekkel rendelkeznek. 
695 |a civil társadalom 
695 |a emberi jogok 
695 |a esélyegyenlőség 
695 |a feminizmus 
695 |a fogyasztói társadalom 
695 |a gender 
700 1 |a Hübner Andrea Gabriella  |e ths 
856 4 0 |u http://dolgozattar.uni-bge.hu/60018/1/B%C3%A1csi_Blanka_Szakdolgozat.pdf  |z Dokumentum-elérés 
856 4 0 |u http://dolgozattar.uni-bge.hu/60018/2/B%C3%A1csi%20Blanka.pdf  |z Dokumentum-elérés 
856 4 0 |u http://dolgozattar.uni-bge.hu/60018/3/B%C3%A1csi_Blanka_KSZ_Szok%C3%A1csk.pdf  |z Dokumentum-elérés